Central Library OPAC University of Rajshahi

Introduction to graph theory / (Record no. 54752)

MARC details
000 -LEADER
fixed length control field 00731nam a2200241 a 4500
001 - CONTROL NUMBER
control field 54752
003 - CONTROL NUMBER IDENTIFIER
rucl marc code BD-RjUL
005 - DATE AND TIME OF LATEST TRANSACTION
control field 20211209080150.0
008 - FIXED-LENGTH DATA ELEMENTS--GENERAL INFORMATION
fixed length control field 161110r2002 ii a b 001 0 eng
020 ## - INTERNATIONAL STANDARD BOOK NUMBER
International Standard Book Number 8178088304
035 ## - SYSTEM CONTROL NUMBER
System control number (BD-RjUL)54874
040 ## - CATALOGING SOURCE
Original cataloging agency DLC
Transcribing agency DLC
Modifying agency BD-RjUL
Language of cataloging eng
041 ## - LANGUAGE CODE
Language code of text/sound track or separate title eng
082 00 - DEWEY DECIMAL CLASSIFICATION NUMBER
Edition number 23
Classification number 511.5
Author mark and year WEI 2002
100 1# - MAIN ENTRY--PERSONAL NAME
Personal name West, Douglas Brent.
9 (RLIN) 163248
245 10 - TITLE STATEMENT
Title Introduction to graph theory /
Statement of responsibility, etc. Douglas B. West.
250 ## - EDITION STATEMENT
Edition statement 2nd ed.
260 ## - PUBLICATION, DISTRIBUTION, ETC. (IMPRINT)
Place of publication, distribution, etc. Upper Saddle River, N.J. :
Name of publisher, distributor, etc. Prentice Hall,
Date of publication, distribution, etc. c2001 [Reprinted 2002]
300 ## - PHYSICAL DESCRIPTION
Pagination xix, 588 p. :
Illustrations ill. ;
Size 25 cm.
504 ## - BIBLIOGRAPHY, ETC. NOTE
Bibliography, etc Includes bibliographical references (p. 537-568) and indexes.
650 #0 - SUBJECT ADDED ENTRY--TOPICAL TERM
Topical term or geographic name as entry element Graph theory.
9 (RLIN) 119357
942 ## - ADDED ENTRY ELEMENTS (KOHA)
Source of classification or shelving scheme Dewey Decimal Classification
Koha item type Books
Holdings
Lost status Source of classification or shelving scheme Damaged status Not for loan Collection code Permanent Location Current Location Shelving location Date acquired Source of acquisition Cost, normal purchase price Total Checkouts Full call number Date last seen Copy number Koha item type
  Dewey Decimal Classification     Non-fiction Central Library, University of Rajshahi Central Library, University of Rajshahi   09/06/2008 Dhaka Progan Enterprise 225.00   511.5 WEI 2002 10/11/2016 C-2 Books
  Dewey Decimal Classification   Not For Loan Non-fiction Central Library, University of Rajshahi Central Library, University of Rajshahi Reading Room 11/10/2005 Dhaka, Paragon Enterprises Ltd. 225.00   511.5 WEI 2002 16/04/2017 C-1 Books